000 00341nam a2200145Ia 4500
100 _aGumhalter/ H.
490 _vII
942 _cBK
654 _aPower
245 _aPower Supply Systems- Equipment Engg and Planning Instrustions
260 _bWiley eastern
_aNew Delhi
_c1989
082 _a621.38232
546 _aENGLISH
999 _c20234
_d20234